The effect of chemical and compost fertilizer on quality of senpidor rice variety at the royal university of agriculture ឥទ្ធិពលជីគីមីនិងជីកំប៉ុស្ដិ៍ទៅលើគុណភាពរបស់ពូជស្រូវសែនពិដោរក្នុងលក្ខខណ្ឌសាកលវិទ្យាល័យភូមិន្ទកសិកម្ម (Record no. 654)

000 -LEADER
fixed length control field 00773nam a22001577a 4500
003 - CONTROL NUMBER IDENTIFIER
control field OSt
005 - DATE AND TIME OF LATEST TRANSACTION
control field 20150917142527.0
008 - FIXED-LENGTH DATA ELEMENTS--GENERAL INFORMATION
fixed length control field 150917b xxu||||| |||| 00| 0 eng d
040 ## - CATALOGING SOURCE
Transcribing agency RUA
082 ## - DEWEY DECIMAL CLASSIFICATION NUMBER
Classification number AGR KHU 2005 B031 Or.1
100 ## - MAIN ENTRY--PERSONAL NAME
9 (RLIN) 679
Personal name KHUT, SOKMENG.
245 ## - TITLE STATEMENT
Title The effect of chemical and compost fertilizer on quality of senpidor rice variety at the royal university of agriculture ឥទ្ធិពលជីគីមីនិងជីកំប៉ុស្ដិ៍ទៅលើគុណភាពរបស់ពូជស្រូវសែនពិដោរក្នុងលក្ខខណ្ឌសាកលវិទ្យាល័យភូមិន្ទកសិកម្ម
260 ## - PUBLICATION, DISTRIBUTION, ETC. (IMPRINT)
Place of publication, distribution, etc. Phnom Penh
Name of publisher, distributor, etc. RUA
Date of publication, distribution, etc. 2005
300 ## - PHYSICAL DESCRIPTION
Extent 48p.
Other physical details ill.
Dimensions 29cm.
942 ## - ADDED ENTRY ELEMENTS (KOHA)
Source of classification or shelving scheme
Koha item type AGR
Holdings
Price effective from Date last seen Permanent Location Not for loan Date acquired Source of classification or shelving scheme Koha item type Lost status Withdrawn status Date last checked out Total Checkouts Shelving location Damaged status Barcode Current Location Full call number
2015-09-172024-12-23Library Block B 2015-09-17 AGR  2024-11-221B031 RUA001150Library Block BAGR KHU 2005 B031 Or.1
2015-09-172015-09-17Library Block B 2015-09-17 AGR    B031 RUA001567Library Block BAGR KHU 2005 B031 Or.2
2015-09-172015-09-17Library Block B 2015-09-17 AGR    B031 RUA001356Library Block BAGR KHU 2005 B031 Or.3
2015-09-172019-08-02Library Block B 2015-09-17 AGR  2019-07-163B031 RUA001140Library Block BAGR KHU 2005 B031 Or.4
មជ្ឈមណ្ឌលឯការនៃសាកលវិទ្យាល័យភូមិន្ទកសិកម្មចំការដូង

Powered by Koha